Statistics for Washington Huskies Top Draft Picks In Recent Years

Click here to take the quiz!

General Stats

  • This quiz has been taken 22 times
  • The average score is 10 of 15

Answer Stats

HintAnswer% Correct
2011Jake Locker
89%
2017John Ross
89%
2017Budda Baker
84%
2018Dante Pettis
84%
2018Vita Vea
79%
2015Danny Shelton
74%
2015Shaq Thompson
68%
2014Bishop Sankey
63%
2017Kevin King
63%
2017Sidney Jones
63%
2015Marcus Peters
53%
2013Desmond Trufant
47%
2014Austin Seferian-Jenkins
42%
2015Hau'oli Kikaha
37%
2011Mason Foster
26%

Score Distribution

Percentile by Number Answered

Percent of People with Each Score

Your Score History

You have not taken this quiz